Satellite View of Famous Landmarks - Statistics

General Stats
  • This quiz has been taken 13 times
  • The average score is 7 of 16
Answer Stats
Picture Answer % Correct
Great Wall of China
85%
Eiffel Tower
69%
White House
69%
Taipei 101
62%
Colosseum
54%
Gateway Arch
54%
Niagara Falls
54%
Sydney Opera House
46%
Big Ben
38%
Parthenon
38%
Pyramids of Giza
38%
Angkor Wat
31%
Burj Khalifa
31%
Taj Mahal
23%
St. Basil's Cathedral
15%
Victoria Falls
8%
No matching quizzes found
Score Distribution
Percent of People with Each Score
Percentile by Number Answered
Your Score History
You have not taken this quiz